Online Catalogue and eLibrary

Diplomatic ,consular and other representations (Record no. 652)

MARC details
000 -LEADER
fixed length control field 00438nam a2200157Ia 4500
005 - DATE AND TIME OF LATEST TRANSACTION
control field 20240626012753.0
008 - FIXED-LENGTH DATA ELEMENTS--GENERAL INFORMATION
fixed length control field 240331s9999 xx 000 0 und d
082 ## - DDC Classification
Class No. 060
Item Number - Author Mark DEM
100 ## - MAIN ENTRY--PERSONAL NAME
Personal name Democratic socialist repablic of Sri lanka
245 #0 - TITLE STATEMENT
Title Diplomatic ,consular and other representations
260 ## - PUBLICATION, DISTRIBUTION, ETC.
Place of publication, distribution, etc. colombo
Name of publisher, distributor, etc. ministry of foreign affairs
Date of publication, distribution, etc. 1993
300 ## - PHYSICAL DESCRIPTION
Extent (e.g. Volumes, Pages etc.) viii, 172 p .,
650 ## - SUBJECT ADDED ENTRY--TOPICAL TERM
Topical term or geographic name entry element Democratic
650 ## - SUBJECT ADDED ENTRY--TOPICAL TERM
Topical term or geographic name entry element Social
942 ## - Koha item type (Biblio)
Koha item type Books in Stacks (Lending)
Holdings
Lost status Damaged status Collection code Home library Current library Shelving location Date acquired Full call number Accession Number Item type
    Lending WERC Library WERC Library Social Science Cupboard 03/31/2024 060 DEM 3025 Books in Stacks (Lending)

© WERC Library